[Event "IECC O-4077"]
[Site "IECC email"]
[Date "2015.10.07"]
[Round "?"]
[White "Koolsbergen, Nico"]
[Black "Jensen, John Oland"]
[Result "0-1"]
[WhiteElo "1849"]
[BlackElo "1843"]
[PlyCount "82"]
[EventDate "2015.??.??"]
[EventType "swiss (corr)"]
[EventRounds "2"]
[SourceTitle "Corr 2020"]
[Source "ChessBase"]
[SourceDate "2019.09.30"]
[SourceVersion "1"]
[SourceVersionDate "2019.09.30"]
[SourceQuality "1"]
[WhiteTeam "Netherlands"]
[BlackTeam "Denmark"]
[WhiteTeamCountry "NED"]
[BlackTeamCountry "DEN"]

1. c4 Nf6 2. Nf3 g6 3. g3 Bg7 4. Nc3 0-0 5. Bg2 d6 6. d4 Nbd7 7. 0-0 e5 8. e4 c6 9. h3 Qb6 10. c5 dxc5 11. dxe5 Ne8 12. Na4 Qa6 13. Bg5 b5 14. Nc3 Nc7 15. Be7 Re8 16. Bd6 Ne6 17. Ne2 Qb6 18. a4 Ba6 19. Qc2 b4 20. Rfd1 c4 21. Bf1 Nec5 22. Ned4 b3 23. Qc1 Nxe4 24. Bxc4 Bxc4 25. Qxc4 Nxe5 26. Bxe5 Bxe5 27. Ra3 Rad8 28. Nxe5 Rxe5 29. Rxb3 Qc5 30. Qxc5 Rxc5 31. f3 Nxg3 32. Kf2 Nh1+ 33. Kg2 Rcd5 34. Rxh1 Rxd4 35. Rc1 Rxa4 36. Rxc6 h5 37. Kf2 Rd2+ 38. Ke3 Rd7 39. Kf2 Kg7 40. Rc2 g5 41. Rc8 Rd2+ 0-1

[Event "IECC M1-2014.T036"]
[Site "IECC email"]
[Date "2014.10.18"]
[Round "?"]
[White "Koolsbergen, Nico"]
[Black "Balleste, Orlando Peraza"]
[Result "1/2-1/2"]
[WhiteElo "1840"]
[BlackElo "2079"]
[PlyCount "85"]
[EventDate "2014.??.??"]
[EventType "match (corr)"]
[EventRounds "2"]
[SourceTitle "Corr 2020"]
[Source "ChessBase"]
[SourceDate "2019.09.30"]
[SourceVersion "1"]
[SourceVersionDate "2019.09.30"]
[SourceQuality "1"]
[WhiteTeam "Netherlands"]
[BlackTeam "Cuba"]
[WhiteTeamCountry "NED"]
[BlackTeamCountry "CUB"]

1. f4 d5 2. Nf3 Nf6 3. e3 Bf5 4. Be2 e6 5. 0-0 Be7 6. Nh4 0-0 7. d3 Re8 8. Nd2 c5 9. Ndf3 Bg4 10. Ne5 Bxe2 11. Qxe2 Nfd7 12. Nhf3 Nxe5 13. Nxe5 f6 14. Nf3 Nc6 15. c3 Qc7 16. e4 Bd6 17. g3 Rad8 18. Bd2 e5 19. f5 Qf7 20. exd5 Qxd5 21. c4 Qf7 22. Bc3 Qd7 23. Qe4 Bb8 24. Rad1 a6 25. Kg2 Nb4 26. a3 Nc6 27. Ne1 Nd4 28. Kh1 b6 29. Ng2 Qa4 30. Ne3 b5 31. Rb1 Kh8 32. Rfd1 Bd6 33. Kg2 Rb8 34. Re1 Bf8 35. Rbd1 Qb3 36. Rd2 Red8 37. Kh3 Qa2 38. Red1 Rd6 39. Kg2 Rd7 40. Rf2 Qb3 41. Rfd2 Qa4 42. Rf2 Kg8 43. Kh3 1/2-1/2

[Event "IECC M1-2012.T055"]
[Site "IECC email"]
[Date "2012.09.22"]
[Round "?"]
[White "Koolsbergen, Nico"]
[Black "Martin, Dennis"]
[Result "1-0"]
[WhiteElo "1818"]
[BlackElo "1673"]
[PlyCount "105"]
[EventDate "2012.??.??"]
[EventType "match (corr)"]
[EventRounds "2"]
[SourceTitle "Telechess CBM 165"]
[Source "ChessBase"]
[SourceDate "2015.03.11"]
[SourceVersion "1"]
[SourceVersionDate "2015.03.11"]
[SourceQuality "1"]
[WhiteTeam "Netherlands"]
[BlackTeam "US of America"]
[WhiteTeamCountry "NED"]
[BlackTeamCountry "USA"]

1. f4 Nf6 2. Nf3 d5 3. e3 e6 4. b3 Bd6 5. Bb2 Bd7 6. Be2 0-0 7. 0-0 a6 8. Ne5 Nc6 9. c4 Ne7 10. Qc2 c5 11. Nxd7 Nxd7 12. Nc3 Nf6 13. Bf3 Rb8 14. Ne2 Nc6 15. Bxf6 Qxf6 16. cxd5 exd5 17. Bxd5 Nb4 18. Qe4 Rfe8 19. Qf3 Nxd5 20. Qxd5 b5 21. Qc6 Re6 22. Nc3 b4 23. Ne4 Qe7 24. Nxd6 Qxd6 25. Qxd6 Rxd6 26. Rfd1 Rbd8 27. Rac1 Rd5 28. Kf1 f6 29. Ke2 Kf7 30. d3 f5 31. Rc4 R8d7 32. d4 Ke6 33. Rd2 h5 34. Rxc5 Rxc5 35. dxc5 Rxd2+ 36. Kxd2 Kd5 37. e4+ fxe4 38. Ke3 h4 39. c6 Kxc6 40. Kxe4 Kd6 41. g4 hxg3 42. hxg3 Ke6 43. g4 Kf6 44. g5+ Kg6 45. Ke5 Kh5 46. Kf5 a5 47. Ke5 Kg6 48. Ke6 Kh5 49. Kf5 Kh4 50. Kg6 Kg4 51. f5 Kf4 52. f6 gxf6 53. gxf6 1-0

[Event "IECC CL4-2012.05 email"]
[Site "IECC email"]
[Date "2012.06.16"]
[Round "?"]
[White "Mauro, Danilo"]
[Black "Koolsbergen, Nico"]
[Result "1/2-1/2"]
[WhiteElo "1777"]
[BlackElo "1780"]
[PlyCount "70"]
[EventDate "2012.??.??"]
[EventType "tourn (corr)"]
[EventRounds "4"]
[SourceTitle "Telechess CBM 165"]
[Source "ChessBase"]
[SourceDate "2015.03.11"]
[SourceVersion "1"]
[SourceVersionDate "2015.03.11"]
[SourceQuality "1"]
[WhiteTeam "Italy"]
[BlackTeam "Netherlands"]
[WhiteTeamCountry "ITA"]
[BlackTeamCountry "NED"]

1. e4 e6 2. d4 d5 3. exd5 exd5 4. c4 Bb4+ 5. Nc3 Nf6 6. Bd3 0-0 7. cxd5 Bg4 8. Nge2 Nxd5 9. f3 Be6 10. 0-0 Nc6 11. Qc2 h6 12. Nxd5 Bxd5 13. Be3 Re8 14. Bf2 Ba5 15. a3 Qg5 16. Kh1 Bb6 17. b4 Rad8 18. b5 Na5 19. Rab1 c6 20. a4 Be6 21. Rfd1 Rc8 22. Nc3 cxb5 23. Rxb5 Qd8 24. d5 Bd7 25. Bxb6 axb6 26. Rbb1 Qf6 27. Rbc1 Rc5 28. d6 Re6 29. h3 Qe5 30. Be4 Re8 31. Rd5 Rxd5 32. Bxd5 Qxd6 33. Qa2 Qf4 34. Rd1 Bc6 35. Ne4 Re7 1/2-1/2

[Event "IECC CL3-2012.02 email"]
[Site "IECC email"]
[Date "2012.03.30"]
[Round "?"]
[White "Koolsbergen, Nico"]
[Black "Van der Mark, Niels"]
[Result "0-1"]
[WhiteElo "1780"]
[BlackElo "1902"]
[PlyCount "80"]
[EventDate "2012.??.??"]
[EventType "tourn (corr)"]
[EventRounds "4"]
[SourceTitle "Telechess CBM 165"]
[Source "ChessBase"]
[SourceDate "2015.03.11"]
[SourceVersion "1"]
[SourceVersionDate "2015.03.11"]
[SourceQuality "1"]
[WhiteTeam "Netherlands"]
[BlackTeam "Netherlands"]
[WhiteTeamCountry "NED"]
[BlackTeamCountry "NED"]

1. c4 e5 2. Nc3 Nf6 3. Nf3 Nc6 4. g3 Nd4 5. Bg2 Nxf3+ 6. Bxf3 Bc5 7. 0-0 0-0 8. d3 h6 9. Rb1 a5 10. a3 c6 11. Na4 Ba7 12. c5 d5 13. Qc2 Bh3 14. Re1 Re8 15. e4 Be6 16. Bd2 Qc7 17. b3 Rad8 18. Rb2 Re7 19. Qc3 Ra8 20. Rc1 Bb8 21. Nb6 Ra6 22. exd5 Nxd5 23. Nxd5 cxd5 24. d4 Qd8 25. dxe5 Bh3 26. Ra2 Bxe5 27. Qd3 Bf6 28. Rac2 Rae6 29. Bg2 Bxg2 30. Kxg2 d4 31. c6 Rxc6 32. Rxc6 bxc6 33. Rxc6 Qd7 34. Rc4 Re8 35. Qf3 d3 36. Rc5 Rd8 37. Rxa5 Bg5 38. Bxg5 hxg5 39. Ra8 Rxa8 40. Qxa8+ Kh7 0-1

[Event "IECC CL3-2011.08 email"]
[Site "IECC email"]
[Date "2011.10.22"]
[Round "?"]
[White "Bascetta, Biagio J"]
[Black "Koolsbergen, Nico"]
[Result "1-0"]
[WhiteElo "1830"]
[BlackElo "1816"]
[PlyCount "89"]
[EventDate "2011.??.??"]
[EventType "tourn (corr)"]
[EventRounds "4"]
[SourceTitle "Telechess CBM 149"]
[Source "ChessBase"]
[SourceDate "2012.07.17"]
[SourceVersion "1"]
[SourceVersionDate "2012.07.17"]
[SourceQuality "1"]
[WhiteTeam "Italy"]
[BlackTeam "Netherlands"]
[WhiteTeamCountry "ITA"]
[BlackTeamCountry "NED"]

1. e4 e6 2. d4 d5 3. Nd2 Nf6 4. e5 Nfd7 5. Bd3 c5 6. c3 c4 7. Bc2 b5 8. Nh3 Nc6 9. Qg4 h6 10. 0-0 b4 11. Re1 Qa5 12. Re3 b3 13. Bb1 Bb7 14. Rg3 Nb6 15. Rf3 Qa4 16. a3 Nd8 17. Nf4 g5 18. Nh5 Kd7 19. h4 gxh4 20. Qxh4 Be7 21. Nf6+ Kc6 22. Qg4 Nd7 23. Qg7 Rf8 24. Ng8 Bg5 25. Nxh6 Bxh6 26. Qxh6 Kc7 27. Nf1 Rc8 28. Bg5 Kb8 29. Be7 Re8 30. Bd6+ Ka8 31. Bh7 Bc6 32. Ne3 Qa6 33. Rh3 Nb7 34. Bb4 Qa4 35. Qh4 Rc7 36. Qf4 Nb8 37. Ng4 Rd8 38. Re1 Bb5 39. Nf6 Nc6 40. Bd6 Nxd6 41. exd6 Rb7 42. Bg8 Rdb8 43. Rh7 Nd8 44. g4 Qa6 45. g5 1-0

[Event "IECC CL3-2011.08 email"]
[Site "IECC email"]
[Date "2011.10.22"]
[Round "?"]
[White "Koolsbergen, Nico"]
[Black "Porkolab, Sandor"]
[Result "0-1"]
[WhiteElo "1825"]
[BlackElo "2002"]
[PlyCount "52"]
[EventDate "2011.??.??"]
[EventType "tourn (corr)"]
[EventRounds "4"]
[SourceTitle "Telechess CBM 149"]
[Source "ChessBase"]
[SourceDate "2012.07.17"]
[SourceVersion "1"]
[SourceVersionDate "2012.07.17"]
[SourceQuality "1"]
[WhiteTeam "Netherlands"]
[BlackTeam "Hungary"]
[WhiteTeamCountry "NED"]
[BlackTeamCountry "HUN"]

1. c4 e5 2. Nc3 Nf6 3. g3 Bb4 4. Bg2 0-0 5. Nf3 Nc6 6. 0-0 d6 7. d3 h6 8. Bd2 a5 9. a3 Bc5 10. Nd5 Nxd5 11. cxd5 Ne7 12. Rc1 Nxd5 13. Nxe5 Bxf2+ 14. Rxf2 dxe5 15. b4 axb4 16. Bxd5 Qxd5 17. Bxb4 Rd8 18. Rc5 Qd4 19. Rxc7 Be6 20. Rxb7 e4 21. Rc7 Rdc8 22. Bc3 Qb6 23. Rxc8+ Rxc8 24. Bb4 Bh3 25. Qe1 e3 26. Rf3 Rc2 0-1

[Event "IECC M1-2010.T082"]
[Site "IECC email"]
[Date "2010.11.10"]
[Round "?"]
[White "Biancalana, Fabio Ermanno"]
[Black "Koolsbergen, Nico"]
[Result "1/2-1/2"]
[WhiteElo "1820"]
[BlackElo "1868"]
[PlyCount "110"]
[EventDate "2010.??.??"]
[EventType "match (corr)"]
[EventRounds "2"]
[SourceTitle "Telechess CBM 149"]
[Source "ChessBase"]
[SourceDate "2012.07.17"]
[SourceVersion "1"]
[SourceVersionDate "2012.07.17"]
[SourceQuality "1"]
[WhiteTeam "Italy"]
[BlackTeam "Netherlands"]
[WhiteTeamCountry "ITA"]
[BlackTeamCountry "NED"]

1. e4 e6 2. d4 d5 3. Nd2 Nf6 4. e5 Nfd7 5. Bd3 c5 6. c3 Nc6 7. Ne2 cxd4 8. cxd4 f6 9. Nf4 Nxd4 10. Qh5+ Ke7 11. exf6+ Nxf6 12. Ng6+ hxg6 13. Qxh8 Kf7 14. 0-0 e5 15. Nb3 Nxb3 16. axb3 Bf5 17. Bxf5 gxf5 18. Bg5 Bc5 19. Qh3 Qd7 20. Bxf6 Kxf6 21. b4 Bd4 22. Rac1 Bxb2 23. Rc2 Bd4 24. Rfc1 Bb6 25. Qh4+ Ke6 26. Qg3 Qf7 27. h4 Rd8 28. Rc8 Rxc8 29. Rxc8 a6 30. Rh8 e4 31. Qg5 Bc7 32. h5 Qf6 33. Qc1 Kd7 34. Rh7 Bd6 35. h6 Bf8 36. Qe3 Ke8 37. Qa7 Qa1+ 38. Kh2 Qe5+ 39. g3 f4 40. g4 f3+ 41. Kh3 Qa1 42. Rh8 Qh1+ 43. Kg3 Qg1+ 44. Kf4 Qc1+ 45. Ke5 Qg5+ 46. Ke6 Qxg4+ 47. Kxd5 Qf5+ 48. Kd4 Qd7+ 49. Kxe4 Qc6+ 50. Kd4 Qd6+ 51. Ke3 Qe5+ 52. Kxf3 Qf5+ 53. Ke2 Qc2+ 54. Ke3 Qb3+ 55. Ke4 Qe6+ 1/2-1/2

[Event "IECC KO-3065"]
[Site "IECC email"]
[Date "2009.12.01"]
[Round "?"]
[White "Koolsbergen, Nico"]
[Black "Servera, Jaime"]
[Result "1/2-1/2"]
[WhiteElo "1860"]
[BlackElo "1686"]
[PlyCount "157"]
[EventDate "2009.??.??"]
[EventType "match (corr)"]
[EventRounds "2"]
[SourceTitle "Telechess CBM 149"]
[Source "ChessBase"]
[SourceDate "2012.07.17"]
[SourceVersion "1"]
[SourceVersionDate "2012.07.17"]
[SourceQuality "1"]
[WhiteTeam "Netherlands"]
[BlackTeam "Spain"]
[WhiteTeamCountry "NED"]
[BlackTeamCountry "ESP"]

1. c4 e5 2. Nc3 Nf6 3. Nf3 Nc6 4. e3 Bb4 5. Qc2 0-0 6. Nd5 Re8 7. a3 e4 8. Nxb4 exf3 9. Nxc6 fxg2 10. Bxg2 dxc6 11. 0-0 Ng4 12. f3 Ne5 13. d4 Ng6 14. Rd1 Qh4 15. Qf2 Qh5 16. Qg3 Bf5 17. Bd2 Bd3 18. Bf1 Bxf1 19. Rxf1 Rad8 20. Rf2 c5 21. Qxc7 Qg5+ 22. Rg2 Qf5 23. Qxb7 Nh4 24. Rf2 cxd4 25. exd4 Rxd4 26. Kh1 Rxc4 27. Qxa7 g6 28. Raf1 Qb5 29. b4 Qc6 30. Qa5 Nf5 31. b5 Qb7 32. b6 Nd4 33. Bh6 Qc6 34. Qa7 Rc3 35. Kg2 Nf5 36. b7 Rb3 37. Rc1 Nh4+ 38. Kg1 Rxb7 39. Rxc6 Rxa7 40. Rc4 Nf5 41. Re2 Rd8 42. Bc1 f6 43. Kf2 Kf7 44. a4 Rd4 45. Rxd4 Nxd4 46. Ra2 Ra6 47. Bd2 Nb3 48. Bc3 Rc6 49. Be1 Nc5 50. Kg3 Ke6 51. a5 Kd5 52. h4 f5 53. Bb4 Ra6 54. Rc2 f4+ 55. Kxf4 Nd3+ 56. Kg5 Nxb4 57. Rc7 h5 58. Rg7 Nd3 59. Rxg6 Rxa5 60. Kh6 Ra8 61. Rg5+ Ke6 62. Rg6+ Kf5 63. Rg5+ Kf4 64. Kg7 Ra7+ 65. Kf6 Ra6+ 66. Kg7 Kxf3 67. Rxh5 Kg4 68. Rh6 Ra5 69. Kf7 Nf4 70. Ke7 Ra7+ 71. Kd8 Nh5 72. Rd6 Kxh4 73. Rd7 Ra8+ 74. Ke7 Kg4 75. Ke6 Ra5 76. Rf7 Nf4+ 77. Kd6 Kg5 78. Kc6 Ne6 79. Kd6 1/2-1/2

[Event "LSS RB-2009-0-00068"]
[Site "LSS email"]
[Date "2009.11.10"]
[Round "?"]
[White "Pott, Brian"]
[Black "Koolsbergen, Nico"]
[Result "1/2-1/2"]
[WhiteElo "1814"]
[BlackElo "1613"]
[PlyCount "44"]
[EventDate "2009.09.25"]
[EventType "tourn (corr)"]
[EventRounds "6"]
[EventCountry "GER"]
[SourceTitle "Telechess CBM 137"]
[Source "ChessBase"]
[SourceDate "2010.07.15"]
[SourceVersion "1"]
[SourceVersionDate "2010.07.15"]
[SourceQuality "1"]

1. e4 e6 2. d4 d5 3. e5 c5 4. c3 Nc6 5. Nf3 Qb6 6. a3 a5 7. Bd3 Nh6 8. 0-0 Bd7 9. dxc5 Bxc5 10. Bxh6 Qxb2 11. Bxg7 Rg8 12. Bf6 Qxa1 13. Bxh7 Rf8 14. Bg7 0-0-0 15. Bxf8 Rxf8 16. Qb3 f5 17. exf6 Rxf6 18. Bd3 Be8 19. Qc2 Bxa3 20. Qa4 Bb2 21. Qh4 Bxc3 22. Qh8 Kd7 1/2-1/2

[Event "Swiss-538.3.03"]
[Site "IECC email"]
[Date "2009.11.08"]
[Round "?"]
[White "Dihrberg, Edward"]
[Black "Koolsbergen, Nico"]
[Result "0-1"]
[WhiteElo "1787"]
[BlackElo "1854"]
[PlyCount "54"]
[EventDate "2009.??.??"]
[EventType "tourn (corr)"]
[SourceTitle "Telechess CBM 149"]
[Source "ChessBase"]
[SourceDate "2012.07.17"]
[SourceVersion "1"]
[SourceVersionDate "2012.07.17"]
[SourceQuality "1"]
[WhiteTeam "US of America"]
[BlackTeam "Netherlands"]
[WhiteTeamCountry "USA"]
[BlackTeamCountry "NED"]

1. d4 Nf6 2. Bg5 Ne4 3. Bf4 c5 4. Nf3 d5 5. Nbd2 Qb6 6. Nxe4 dxe4 7. Nd2 cxd4 8. e3 Nc6 9. Bc4 e5 10. Bg5 f6 11. Bxf6 dxe3 12. Qh5+ g6 13. Qd1 exd2+ 14. Qxd2 Na5 15. Bxh8 Nxc4 16. Qe2 Qb4+ 17. c3 Qxb2 18. Qxb2 Nxb2 19. f3 exf3 20. gxf3 Be6 21. Bf6 Rc8 22. Rb1 Rxc3 23. Bxe5 Nd3+ 24. Kd2 Ra3 25. Bc3 Bf5 26. Ra1 Bh6+ 27. Kc2 Ne5+ 0-1

[Event "IECC Swiss-538.2"]
[Site "IECC email"]
[Date "2009.05.12"]
[Round "?"]
[White "Koolsbergen, Nico"]
[Black "Wozniak, Zbigniew"]
[Result "0-1"]
[WhiteElo "1854"]
[BlackElo "1957"]
[PlyCount "100"]
[EventDate "2009.??.??"]
[EventType "tourn (corr)"]
[EventRounds "1"]
[SourceTitle "Corr 2011"]
[Source "ChessBase"]
[SourceDate "2010.08.31"]
[SourceVersion "1"]
[SourceVersionDate "2010.08.31"]
[SourceQuality "1"]
[WhiteTeam "Netherlands"]
[BlackTeam "Poland"]
[WhiteTeamCountry "NED"]
[BlackTeamCountry "POL"]

1. c4 e5 2. Nc3 Nf6 3. Nf3 Nc6 4. g3 Bb4 5. Bg2 0-0 6. 0-0 Re8 7. d3 d6 8. Bg5 Bxc3 9. bxc3 h6 10. Bxf6 Qxf6 11. Nd2 Ne7 12. Qa4 c6 13. Rab1 Qe6 14. Rb2 h5 15. Rfb1 h4 16. Qa5 h3 17. Bf3 Ng6 18. Ne4 f5 19. Ng5 Qf6 20. Nxh3 f4 21. Bg2 Rf8 22. c5 d5 23. Qc7 Rd8 24. Kh1 Rd7 25. Qa5 Rf7 26. Ng1 Qe7 27. Bh3 Qf8 28. Bxc8 Qxc8 29. c4 fxg3 30. fxg3 dxc4 31. Qc3 Qe6 32. Nf3 e4 33. Ng5 Qd5 34. Nxf7 exd3+ 35. Kg1 Qxc5+ 36. Kg2 Qd5+ 37. e4 Qxe4+ 38. Kg1 Rf8 39. Nd6 Qe3+ 40. Kh1 b5 41. Re1 Qf3+ 42. Rg2 Rd8 43. Nb7 Rd5 44. Kg1 Qf6 45. Qb4 Qd4+ 46. Kh1 c5 47. Qxb5 c3 48. Qe8+ Kh7 49. Re6 Qg4 50. h3 Rh5 0-1

[Event "IECC CL3-2008.07 email"]
[Site "IECC email"]
[Date "2008.07.22"]
[Round "?"]
[White "Holanda, Dogeval Ferreira"]
[Black "Koolsbergen, Nico"]
[Result "1-0"]
[WhiteElo "1902"]
[BlackElo "1875"]
[PlyCount "51"]
[EventDate "2008.??.??"]
[EventType "tourn (corr)"]
[EventRounds "4"]
[SourceTitle "Corr 2013"]
[Source "ChessBase"]
[SourceDate "2012.11.12"]
[SourceVersion "1"]
[SourceVersionDate "2012.11.12"]
[SourceQuality "1"]
[WhiteTeam "Germany"]
[BlackTeam "Netherlands"]
[WhiteTeamCountry "GER"]
[BlackTeamCountry "NED"]

1. e4 e6 2. d4 d5 3. Nc3 Bb4 4. e5 c5 5. Bd2 cxd4 6. Nb5 Bc5 7. Qg4 Ne7 8. b4 a6 9. bxc5 axb5 10. Qxg7 Rg8 11. Qxh7 Qc7 12. f4 Qxc5 13. Nf3 Nbc6 14. Ng5 Rf8 15. Bd3 Nb4 16. 0-0 Nxd3 17. cxd3 Qa3 18. Rfb1 Ra4 19. Rxb5 Nf5 20. Rc1 Ra8 21. Rc7 Qa4 22. Rb3 Bd7 23. Rcxb7 Qc6 24. Rb2 Qa4 25. R7b3 Ne7 26. Qh5 1-0

[Event "IECC CL3-2008.06 email"]
[Site "IECC email"]
[Date "2008.05.18"]
[Round "?"]
[White "Koolsbergen, Nico"]
[Black "Baumann, Dariusz"]
[Result "0-1"]
[WhiteElo "1886"]
[BlackElo "2010"]
[PlyCount "102"]
[EventDate "2008.??.??"]
[EventType "tourn (corr)"]
[EventRounds "4"]
[SourceTitle "Corr 2013"]
[Source "ChessBase"]
[SourceDate "2012.11.12"]
[SourceVersion "1"]
[SourceVersionDate "2012.11.12"]
[SourceQuality "1"]
[WhiteTeam "Germany"]
[BlackTeam "Netherlands"]
[WhiteTeamCountry "GER"]
[BlackTeamCountry "NED"]

1. c4 c5 2. Nf3 Nf6 3. Nc3 d5 4. cxd5 Nxd5 5. d4 Nxc3 6. bxc3 g6 7. e4 Bg7 8. Rb1 0-0 9. Be3 Nc6 10. Be2 cxd4 11. cxd4 Qa5+ 12. Qd2 Qxd2+ 13. Kxd2 Rd8 14. Rhc1 Nxd4 15. Nxd4 Bxd4 16. Bxd4 Rxd4+ 17. Ke3 Ra4 18. Bc4 Rb8 19. Bb3 Ra3 20. Rc7 Kf8 21. Kf4 Be6 22. Bxe6 fxe6 23. Rb2 b5 24. Kg5 Ra4 25. f3 b4 26. e5 a5 27. Kh6 b3 28. Rxb3 Rh4+ 29. Kg5 Rxb3 30. Kxh4 Rb2 31. Kg3 Rxa2 32. Ra7 Kf7 33. Ra8 g5 34. Ra6 a4 35. Kh3 a3 36. Ra7 Ra1 37. Ra6 h5 38. g4 h4 39. Ra7 Ke8 40. Kg2 a2 41. h3 Kd8 42. Kh2 Kc8 43. Kg2 Kb8 44. Ra4 Kb7 45. Ra3 Kb6 46. Ra8 Kc5 47. Ra4 Kd5 48. Ra5+ Kd4 49. Ra3 Kxe5 50. Ra4 Kd5 51. Ra3 e5 0-1

[Event "IECC M1-2008.T20"]
[Site "IECC email"]
[Date "2008.03.13"]
[Round "?"]
[White "Charnley, Bernard J"]
[Black "Koolsbergen, Nico"]
[Result "0-1"]
[WhiteElo "1996"]
[BlackElo "1831"]
[PlyCount "74"]
[EventDate "2008.??.??"]
[EventType "match (corr)"]
[EventRounds "2"]
[SourceTitle "Corr 2013"]
[Source "ChessBase"]
[SourceDate "2012.11.12"]
[SourceVersion "1"]
[SourceVersionDate "2012.11.12"]
[SourceQuality "1"]
[WhiteTeam "Hungary"]
[BlackTeam "South Africa"]
[WhiteTeamCountry "HUN"]
[BlackTeamCountry "RSA"]

1. e4 e6 2. d4 d5 3. e5 c5 4. c3 Bd7 5. Nf3 Nc6 6. Be2 Nge7 7. 0-0 Ng6 8. Be3 Be7 9. Bd3 Qb6 10. Qd2 0-0 11. dxc5 Qc7 12. Bxg6 fxg6 13. Bd4 Rac8 14. b4 a5 15. a3 Ra8 16. Qe3 g5 17. h3 Rf4 18. Nbd2 Raf8 19. Rab1 g4 20. hxg4 Be8 21. Nh2 Bg5 22. g3 Rxd4 23. Qxg5 Rd3 24. f4 Rxd2 25. Nf3 Rd3 26. Qh4 Qe7 27. Qxe7 Nxe7 28. bxa5 Nc6 29. Kf2 Rxc3 30. Rxb7 Rxa3 31. Rfb1 Rxa5 32. Rc7 Rf7 33. Rc8 Re7 34. Rc1 Kf8 35. f5 Ra2+ 36. Ke3 Rb7 37. Rc3 Rb4 0-1

[Event "IECC CL3-2007.13 email"]
[Site "IECC email"]
[Date "2007.12.03"]
[Round "?"]
[White "Lahdenmaeki, Leo"]
[Black "Koolsbergen, Nico"]
[Result "1-0"]
[WhiteElo "1969"]
[BlackElo "1894"]
[PlyCount "57"]
[EventDate "2007.??.??"]
[EventType "tourn (corr)"]
[EventRounds "4"]
[SourceTitle "Corr 2015"]
[Source "ChessBase"]
[SourceDate "2015.07.17"]
[SourceVersion "1"]
[SourceVersionDate "2015.07.17"]
[SourceQuality "1"]
[WhiteTeam "Finland"]
[BlackTeam "Netherlands"]
[WhiteTeamCountry "FIN"]
[BlackTeamCountry "NED"]

1. e4 e6 2. d4 d5 3. e5 c5 4. c3 Bd7 5. Nf3 Nc6 6. Be2 Nge7 7. Na3 cxd4 8. cxd4 Nf5 9. Nc2 Rc8 10. 0-0 Qb6 11. g4 Nfe7 12. Nh4 Ng6 13. Ng2 Be7 14. f4 0-0 15. f5 Nh8 16. Kh1 Rfe8 17. Bd3 a5 18. Nf4 Nb4 19. Nxb4 Bxb4 20. Be3 Bb5 21. Rf3 Bxd3 22. Qxd3 Bf8 23. b3 Bb4 24. Rh3 Rc3 25. Qe2 Rec8 26. Qf2 Rc2 27. Qh4 h6 28. Rg1 Rxa2 29. g5 1-0

[Event "IECC CL3-2007.11 email"]
[Site "IECC email"]
[Date "2007.10.10"]
[Round "?"]
[White "Jordaan, Wayne"]
[Black "Koolsbergen, Nico"]
[Result "1-0"]
[WhiteElo "1806"]
[BlackElo "1882"]
[PlyCount "81"]
[EventDate "2007.??.??"]
[EventType "tourn (corr)"]
[EventRounds "4"]
[SourceTitle "Corr 2015"]
[Source "ChessBase"]
[SourceDate "2015.07.17"]
[SourceVersion "1"]
[SourceVersionDate "2015.07.17"]
[SourceQuality "1"]
[WhiteTeam "South Africa"]
[BlackTeam "Netherlands"]
[WhiteTeamCountry "RSA"]
[BlackTeamCountry "NED"]

1. d4 Nf6 2. c4 g6 3. Nc3 d6 4. e4 Bg7 5. Nf3 0-0 6. Be2 Bd7 7. 0-0 c5 8. dxc5 dxc5 9. Be3 b6 10. Qd2 Nc6 11. Rad1 Be6 12. Qc1 Qc8 13. Bh6 Bxh6 14. Qxh6 Ng4 15. Qh4 f6 16. Nd5 Qb7 17. Ne1 Nge5 18. f4 Nf7 19. Nc2 Rad8 20. f5 g5 21. Qh3 Bc8 22. b3 Nd6 23. Bf3 Ne5 24. Nce3 Ndf7 25. Bh5 Kh8 26. Bxf7 Nxf7 27. Qh5 Ne5 28. Ng4 Nxg4 29. Qxg4 b5 30. e5 bxc4 31. bxc4 fxe5 32. Qxg5 Rg8 33. Qxe7 Qxe7 34. Nxe7 Rxd1 35. Rxd1 Rf8 36. Nxc8 Rxc8 37. Rd5 Kg7 38. g4 Kf6 39. h4 Rc6 40. Rd7 e4 41. Rxh7 1-0

[Event "IECC CL3-2007.11 email"]
[Site "IECC email"]
[Date "2007.10.10"]
[Round "?"]
[White "Koolsbergen, Nico"]
[Black "Sadler, Craig"]
[Result "0-1"]
[WhiteElo "1872"]
[BlackElo "1680"]
[PlyCount "108"]
[EventDate "2007.??.??"]
[EventType "tourn (corr)"]
[EventRounds "4"]
[SourceTitle "Corr 2011"]
[Source "ChessBase"]
[SourceDate "2010.08.31"]
[SourceVersion "1"]
[SourceVersionDate "2010.08.31"]
[SourceQuality "1"]
[WhiteTeam "Italy"]
[BlackTeam "Chile"]
[WhiteTeamCountry "ITA"]
[BlackTeamCountry "CHI"]

1. c4 Nf6 2. g3 g6 3. d4 Bg7 4. Nf3 0-0 5. Bg2 c5 6. Nc3 d6 7. 0-0 Nc6 8. dxc5 dxc5 9. Be3 Qa5 10. Qb3 Ng4 11. Bd2 Nd4 12. Nxd4 cxd4 13. Qb5 Qd8 14. Nd5 e6 15. Ba5 Qd7 16. Nc7 Rb8 17. Qxd7 Bxd7 18. Nb5 Ne5 19. Bc7 Nxc4 20. Nd6 b5 21. Rac1 Bh6 22. Rcd1 e5 23. Bd5 Rbc8 24. Nxc8 Rxc8 25. Bxc4 Rxc7 26. Bb3 Bg4 27. Rfe1 a5 28. a4 bxa4 29. Bxa4 Rc4 30. f3 Bh3 31. Ra1 Be3+ 32. Kh1 Rb4 33. b3 Bd2 34. Red1 Bc3 35. Ra3 Rb8 36. Kg1 Be6 37. g4 f5 38. gxf5 gxf5 39. Kf2 Kf7 40. Rc1 Kf6 41. Ra2 h6 42. f4 exf4 43. Rac2 Bxb3 44. Bxb3 Rxb3 45. Rd1 a4 46. Ra2 a3 47. Rd3 Ke5 48. Rf3 Kd5 49. Rxf4 Kc4 50. Rxf5 Bb2 51. Rf7 Rh3 52. Rb7 Rxh2+ 53. Ke1 Kc3 54. Kf1 h5 0-1

[Event "IECC CL3-2007.07 email"]
[Site "IECC email"]
[Date "2007.07.03"]
[Round "?"]
[White "Koolsbergen, Nico"]
[Black "Obando, Daniel"]
[Result "1/2-1/2"]
[WhiteElo "1824"]
[BlackElo "1867"]
[PlyCount "115"]
[EventDate "2007.??.??"]
[EventType "tourn (corr)"]
[EventRounds "4"]
[SourceTitle "Corr 2015"]
[Source "ChessBase"]
[SourceDate "2015.07.17"]
[SourceVersion "1"]
[SourceVersionDate "2015.07.17"]
[SourceQuality "1"]
[WhiteTeam "Netherlands"]
[BlackTeam "Costa Rica"]
[WhiteTeamCountry "NED"]
[BlackTeamCountry "CRI"]

1. c4 e5 2. Nc3 Nf6 3. Nf3 Nc6 4. g3 Bc5 5. Bg2 0-0 6. 0-0 Re8 7. d3 a6 8. Bg5 h6 9. Bxf6 Qxf6 10. Ne4 Qe7 11. Nxc5 Qxc5 12. a3 Qe7 13. e3 d6 14. Nh4 Be6 15. Qb3 Rab8 16. Qc3 Qd7 17. f4 exf4 18. exf4 Ne7 19. Rae1 c5 20. d4 cxd4 21. Qxd4 Rbc8 22. b3 Nc6 23. Qd3 Bg4 24. Be4 Rcd8 25. Bh7+ Kh8 26. Bf5 Bxf5 27. Rxe8+ Rxe8 28. Nxf5 Re6 29. Rd1 Ne7 30. Nxd6 Nc8 31. c5 Nxd6 32. cxd6 b5 33. b4 Qa7+ 34. Kh1 Qb7+ 35. Qd5 Qd7 36. f5 Re2 37. Qf3 Rc2 38. Qe4 Rc4 39. Qe2 Qc6+ 40. Qg2 Qd7 41. f6 gxf6 42. Kg1 Kg7 43. Qb2 Re4 44. Qf2 Rc4 45. Qd2 Qa7+ 46. Kh1 Qd7 47. Qd3 Qc6+ 48. Qd5 Qd7 49. Qd2 Qc6+ 50. Qg2 Qd7 51. Qf3 Rc6 52. Qd3 Rc4 53. Kg1 Qa7+ 54. Kf1 Qd7 55. Kf2 Qa7+ 56. Ke2 Qd7 57. Rf1 Rc6 58. Rd1 1/2-1/2